Problemas de Canarias : (Record no. 62946)

MARC details
000 -LEADER
campo de control de longitud fija 00887nam a2200217 i 4500
001 - NÚMERO DE CONTROL
campo de control 62946
003 - IDENTIFICADOR DE NÚMERO DE CONTROL
campo de control ES-MaACL
005 - FECHA Y HORA DE LA ÚLTIMA TRANSACCIÓN
campo de control 20260201150058.0
007 - CAMPO FIJO DE DESCRIPCIÓN FÍSICA--INFORMACIÓN GENERAL
campo de control de longitud fija t|
008 - DATOS DE LONGITUD FIJA--INFORMACIÓN GENERAL
campo de control de longitud fija 031127s1925 sp ||||1| spa d
100 1# - ENTRADA PRINCIPAL--NOMBRE DE PERSONA
Nombre de persona Fernández Navarro, Lucas,
Fechas asociadas al nombre 1869-1930
9 (RLIN) 49953
245 10 - MENCIÓN DEL TÍTULO
Título Problemas de Canarias :
Resto del título conferencia dada en sesión pública de la Real Sociedad Geográfica, el día 19 de enero de 1925 /
Mención de responsabilidad, etc. por Lucas Fernández Navarro.
260 ## - PUBLICACIÓN, DISTRIBUCIÓN, ETC.
Lugar de publicación, distribución, etc. Madrid :
Nombre del editor, distribuidor, etc. Real Sociedad Geográfica,
Fecha de publicación, distribución, etc. 1925 (
Fabricante Imp. del Patronato de Huérfanos de Intendencia e Intervención Militares)
300 ## - DESCRIPCIÓN FÍSICA
Extensión 28 p. ;
Dimensiones 24 cm.
650 #4 - PUNTO DE ACCESO ADICIONAL DE MATERIA--TÉRMINO DE MATERIA
Término de materia o nombre geográfico como elemento de entrada Transportes-
Subdivisión geográfica Canarias.
9 (RLIN) 171592
651 #7 - PUNTO DE ACCESO ADICIONAL DE MATERIA--NOMBRE GEOGRÁFICO
Nombre geográfico
Fuente del encabezamiento o término
9 (RLIN) 242755
710 2# - ENTRADA AGREGADA--NOMBRE DE ENTIDAD CORPORATIVA
Nombre de entidad corporativa o nombre de jurisdicción como elemento de entrada Real Sociedad Geográfica
9 (RLIN) 6403
710 2# - ENTRADA AGREGADA--NOMBRE DE ENTIDAD CORPORATIVA
Nombre de entidad corporativa o nombre de jurisdicción como elemento de entrada Patronato de Huérfanos de Intendencia e Intervención Militares.
9 (RLIN) 6172
852 ## - LOCALIZACIÓN
Ubicación ES-MaACL
Número de control de estantería 1685-F-19
Holdings
Estatus retirado Estado de pérdida Estado de daño No para préstamo Colección Biblioteca de origen Biblioteca actual Ubicación en estantería Fecha de adquisición Fuente de adquisición Total de préstamos Signatura topográfica completa Código de barras Visto por última vez Precio de reemplazo Tipo de ítem Koha
        Colección de folletos Biblioteca del Ateneo de Madrid Biblioteca del Ateneo de Madrid Depósito folletos 17/01/2008     1685-F-19 1065989 23/02/2023 23/02/2023 Folleto